000 00650nam a2200205 i 4500
001 94531
003 ES-MaACL
005 20231204180901.0
007 t|
008 050506s1972 sp ||||1| spa d
100 1 _aLorrain, Paul.
_974233
245 1 0 _aCampos y ondas electromagnéticas /
_cPaul Lorrain y Dale R. Corson; traducido por José A. Vallés Abarca.
250 _a[1ª ed.].
260 _aMadrid :
_bSelecciones Científicas,
_c1972.
300 _aXXIII, 772 p. ;
_c23 cm.
700 1 _aCorson, Dale R.
_940801
700 1 _aVallés Abarca, José Antonio
_9112887
852 _aES-MaACL
_jC-42978
_bR.82957
999 _c94531
_d94531